000 00507nam a2200181Ia 4500
008 090123s9999 xx 000 0 und d
082 _b27915
100 _aगडकर रेचल
245 _a101बायबल कथा
250 _a1
260 _bजयहिंद प्रकाशन
300 _a111
600 _aगडकर रेचल
630 _a101बायबल कथा
700 _aगडकर रेचल
730 _a101बायबल कथा
942 _cBOOK
999 _c66297
_d66297